000 01094nam a2200253 i 4500
001 bg
100 1 _aLUDWIN, Wiesław
245 1 0 _aProjektowanie sieci komórkowych w aspekcie ruchowym /
_cWiesław Ludwin.
246 1 5 _aTraffic issues in the design of cellular networks
260 _aKraków :
_bAGH. Uczelniane Wydawnictwa Naukowo-Dydaktyczne,
_c2003.
300 _a156, [1] s. :
_bil. ;
_c24 cm.
490 1 _aRozprawy, Monografie / [Akademia Górniczo-Hutnicza im. Stanisława Staszica w Krakowie] =
_aDissertations, Monographs,
_x0867-6631 ;
_v119
500 _aTyt. równol.: Traffic issues in the design of cellular networks. - Streszcz. ang.
504 _aBibliogr.
650 9 _aModele matematyczne
_xstosowanie
_xtelekomunikacja
650 9 _aSymulacja
_xstosowanie
_xtelekomunikacja
650 9 _aTelefonia komórkowa
830 0 _aRozprawy, Monografie ([Akademia Górniczo-Hutnicza im. Stanisława Staszica w Krakowie]) ;
_v119
040 _cBPK
041 0 _apol
_beng
080 _a654.14/.16:519.86:519.876.5
942 _cKS
008 s pl f |000 0 pol
999 _c45631
_d45631
856 _uhttp://koha.tu.koszalin.pl/cgi-bin/koha/opac-detail.pl?biblionumber=45631
_yKatalog online BPK